Biggest Cities in the World by Century - Statistics

General Stats
  • This quiz has been taken 4,621 times
  • The average score is 32 of 69
Answer Stats
# Country City % Correct
2 Japan Edo
99%
3 UK London
99%
2 USA New York
99%
5 France Paris
99%
2 Japan Tokyo
99%
1 Mexico Mexico City
98%
1 India New Delhi
98%
1 Germany Berlin
97%
14 Turkey Constantinople
97%
6 China Beijing
96%
1 China Khanbaliq
96%
5 Italy Rome
96%
1 India Delhi
95%
6 Egypt Cairo
94%
1 India Mumbai
94%
1 Austria Vienna
94%
1 Brazil São Paulo
93%
1 Japan Osaka
90%
1 USA Chicago
86%
1 Italy Naples
86%
3 Iraq Baghdad
83%
1 Bangladesh Dhaka
83%
8 Egypt Alexandria
81%
3 China Guangzhou
72%
4 Japan Kyoto
71%
2 Pakistan Lahore
69%
8 China Chang'an
60%
2 Spain Seville
57%
8 Tunisia Carthage
55%
1 Syria Damascus
54%
1 China Nanjing
54%
5 Iraq Babylon
51%
2 Morocco Fez
50%
2 China Jiankang
44%
2 Spain Córdoba
40%
2 India Agra
39%
4 China Chengdu
37%
3 Egypt Memphis
35%
2 Cambodia Angkor
34%
6 China Hangzhou
27%
2 Egypt Thebes
22%
3 Italy Syracuse
19%
1 Iran Tabriz
17%
1 India Gauda
16%
6 India Pataliputra
14%
2 Guatemala Tikal
14%
15 China Luoyang
12%
2 Iraq Nineveh
12%
1 Turkey Antioch
11%
1 Turkmenistan Merv
11%
4 Mexico Teotihuacan
10%
4 China Kaifeng
8%
4 Iraq Ctesiphon
7%
1 Myanmar Pagan
5%
4 India Vijayanagara
5%
1 Iraq Samarra
4%
4 Iraq Seleucia
3%
7 Belize Caracol
2%
1 Japan Kamakura
2%
1 Turkey Pergamon
2%
4 Pakistan Taxila
2%
3 Guatemala El Pilar
1%
3 India Kannauj
1%
5 China Linzi
1%
1 Iraq Nimrud
1%
1 India Kalyani
0%
1 India Rajgir
0%
1 India Vaishali
0%
1 China Yiyang
0%
No matching quizzes found
Score Distribution
Percent of People with Each Score
Percentile by Number Answered
Your Score History
You have not taken this quiz